Estadísticas para Países que contienen la letra D

Haz click aquí para intentar la prueba.

Estadísticas generales

  • Esta prueba ha sido intentada 1.702 veces
    (1.700 desde el último reinicio)
  • La puntuación promedio es 31 de 46

Estadísticas de respuestas

País% Correcto
Dinamarca
97%
Dominica
84%
República Dominicana
82%
Estados Unidos
81%
Finlandia
76%
Islandia
76%
Indonesia
75%
Irlanda
75%
Sudán
75%
Andorra
74%
India
74%
Sudán del Sur
74%
Sudáfrica
73%
República Democrática del Congo
72%
Canadá
71%
Corea del Sur
71%
República del Congo
71%
Corea del Norte
70%
Madagascar
70%
República de Macedonia
70%
Honduras
69%
Reino Unido
69%
Arabia Saudí
67%
Ecuador
66%
Emiratos Árabes Unidos
66%
Antigua y Barbuda
64%
Nueva Zelanda
64%
Chad
63%
El Salvador
63%
Tailandia
63%
San Vicente y las Granadinas
61%
Ruanda
60%
Trinidad y Tobago
60%
Uganda
60%
Bangladés
59%
Barbados
59%
Burundi
59%
Costa de Marfil
59%
Jordania
59%
Maldivas
59%
Granada
58%
Moldavia
58%
Suazilandia
57%
Ciudad del Vaticano
56%
Cabo Verde
55%
Estados Federados de Micronesia
55%

Distribución de puntuación

Porcentaje por número respondido

Porcentaje de gente con cada puntuación

Historial de tus puntuaciones

No has intentado esta prueba desde el último reinicio